Statistics for Countries Bordering Chad - Map Quiz

Click here to take the quiz!

General Stats

  • This quiz has been taken 159 times
  • The average score is 6 of 6

Answers on the Map

Answers color-coded by a green-red scale on the quiz's map according to % correct below.
Loading ...
 

Answer Stats

Answer% Correct
Sudan
99%
Libya
97%
Cameroon
96%
Niger
96%
Central African Republic
95%
Nigeria
94%

Score Distribution

Percentile by Number Answered

Percent of People with Each Score

Your Score History

You have not taken this quiz